| 000 | 00567nam a2200193 a 4500 | ||
|---|---|---|---|
| 005 | 20240925064057.0 | ||
| 008 | 991125s1929 mx 000 0 spa u | ||
| 035 | _aUPN01000001635 | ||
| 049 | _aCE | ||
| 050 | 4 |
_aLB1117 _bV4.3 |
|
| 100 | 1 | _aVega, Esperanza | |
| 245 | 1 | 0 |
_aAlgunas consideraciones acerca del carácter y su iniciación en los jardínes de niños / _cEsperanza Vega. |
| 260 |
_aMéxico : _bE. Vega, _c1929. |
||
| 300 | _a12 h. | ||
| 650 | 4 |
_aCarácter _96650 |
|
| 650 | 2 |
_aJardín de niños _937 |
|
| 650 | 4 |
_aNiño, Estudio del _9221 |
|
| 905 | _aLibro | ||
| 999 |
_c1635 _d1635 |
||